Owady naszych lasów i łąk - Statystyki

Ogólne statystyki
  • Ten quiz został rozwiązany 195 razy
  • Średni wynik to 7 z 20
Statystyki odpowiedzi
Nazwa łacińska: Owad: % Poprawnych
Calliphora vomitoria Mucha
81%
Vespula vulgaris Osa
81%
Culex pipiens Komar
74%
Coccinella septempunctata Biedronka
68%
Bombus pratorum Trzmiel
56%
Somatochlora metallica Ważka
46%
Acherontia atropos Ćma
37%
Mantis religiosa Modliszka
35%
Tettigonia viridissima Pasikonik
33%
Leptinotarsa decemlineata Stonka
26%
Acheta domesticus Świerszcz
26%
Ips typographus Kornik
24%
Lucanus cervus Jelonek
23%
Ctenocephalides felis Pchła
23%
Blatta orientalis Karaluch
21%
Gryllotalpa gryllotalpa Turkuć
19%
Forficula auricularia Skorek
12%
Bibio marci Leń
9%
Argyroneta aquatica Topik
8%
Chrysoperla carnea Złotook
7%
Nie znaleziono quizów pasujących do podanych kryteriów
Rozkład punktacji
Procent ludzi z każdym wynikiem
Percentyl według liczby udzielonych odpowiedzi
Twoja historia wyników
Nie rozwiązałeś tego quizu